| 000 | 00506nam a2200193 a 4500 | ||
|---|---|---|---|
| 001 | 1760597274889 | ||
| 003 | YourLibrary | ||
| 005 | 20251016121924.0 | ||
| 008 | 251016s1981##################000#0#eng## | ||
| 020 | _a9780521281515 | ||
| 082 | 0 | 4 |
_a581.10427 _bJAR |
| 100 | 1 |
_aJarvis, Paul Gordon, _eauthor. |
|
| 245 | 1 | 0 | _aStomatal Physiology : |
| 260 |
_bCambridge University Press, _c1981. |
||
| 300 | _a308 pages | ||
| 650 | 0 | _aMedical. | |
| 942 | _cENGLISH | ||
| 040 |
_aYourLibrary _beng _cYourLibrary |
||
| 999 |
_c591897 _d591897 |
||